LEADER 02014nam0 2200481 i 450 001 VAN0054631 005 20231220120157.175 010 $a978-03-87908-97-7 100 $a20061019d1984 |0itac50 ba 101 $aeng 102 $aUS 105 $a|||| ||||| 200 1 $aˆA ‰first course in the mathematical foundations of thermodynamics$fDavid R. Owen 210 $aNew York $cSpringer$d1984 215 $aXVII, 134 p.$cill.$d25 cm 410 1$1001VAN0024019$12001 $aUndergraduate texts in mathematics$1210 $aBerlin [etc.]$cSpringer 606 $a80-XX$xClassical thermodynamics, heat transfer [MSC 2020]$3VANC022357$2MF 606 $a74-XX$xMechanics of deformable solids [MSC 2020]$3VANC022466$2MF 606 $a80A10$xClassical and relativistic thermodynamics [MSC 2020]$3VANC023221$2MF 606 $a74A15$xThermodynamics in solid mechanics [MSC 2020]$3VANC023449$2MF 610 $aDevelopments$9KW:K 610 $aDynamical systems$9KW:K 610 $aDynamics$9KW:K 610 $aEnergy$9KW:K 610 $aEntropy$9KW:K 610 $aHeat$9KW:K 610 $aMathematics$9KW:K 610 $aPhase$9KW:K 610 $aQuality$9KW:K 610 $aTemperature$9KW:K 610 $aThermodynamics$9KW:K 610 $aconservation$9KW:K 610 $apreservation$9KW:K 620 $aUS$dNew York$3VANL000011 700 1$aOwen$bDavid R.$3VANV043217$040533 712 $aSpringer $3VANV108073$4650 801 $aIT$bSOL$c20240614$gRICA 856 4 $u/sebina/repository/catalogazione/documenti/Owen - A first course in the mathematical foundations of thermodynamics.pdf$zContents 899 $aBIBLIOTECA DEL DIPARTIMENTO DI MATEMATICA E FISICA$1IT-CE0120$2VAN08 912 $aVAN0054631 950 $aBIBLIOTECA DEL DIPARTIMENTO DI MATEMATICA E FISICA$d08PREST 74-XX 3127 $e08 2183 I 20061023 996 $aFirst course in the mathematical foundations of thermodynamics$9348134 997 $aUNICAMPANIA LEADER 01469nam0 2200385 i 450 001 CFI0752220 005 20251003044145.0 010 $a9788842071525 020 $aIT$b2010-3655 100 $a20110701d2010 ||||0itac50 ba 101 | $aita 102 $ait 181 1$6z01$ai $bxxxe 182 1$6z01$an 200 1 $aFondamenti di urbanistica$ela storia e la norma$fEdoardo Salzano 205 $a8. ed 210 $aRoma$aBari: GLF editori Laterza$d2010 215 $aXII, 326 p.$cill.$d24 cm. 225 | $aGrandi opere 410 0$1001RCA0226226$12001 $aGrandi opere 606 $aUrbanistica$xItalia$xStoria$2FIR$3CFIC107780$9I 606 $aPianificazione urbanistica$xItalia$2FIR$3CFIC087330$9E 676 $a711.0945$9PIANIFICAZIONE A LIVELLO LOCALE (PIANIFICAZIONE URBANA). Italia$v14 676 $a711.40945$9URBANISTICA. PIANI E PIANIFICAZIONE MUNICIPALE. Italia$v22 696 $aPianificazione urbana 699 $aPianificazione urbanistica$yPianificazione urbana 700 1$aSalzano$b, Edoardo$3RAVV046391$4070$09584 801 3$aIT$bIT-000000$c20110701 850 $aIT-BN0095 901 $bNAP 01$cSALA DING $n$ 912 $aCFI0752220 950 0$aBiblioteca Centralizzata di Ateneo$c1 v.$d 01SALA DING 711.0945 SAL.fo$e 0102 0000086005 VMA A4 1 v.$fY $h20110630$i20110701 977 $a 01 996 $aFondamenti di urbanistica$961449 997 $aUNISANNIO